000 00727nam a2200253Ia 4500
003 OSt
005 20220928101710.0
006 a|||||r|||| 00| 0
007 ta
008 220927b |||||||| |||| 00| 0 eng d
020 _c140
024 _a107619
037 _b9729, 04/03/2010, Kitabghar Parkashan
_cTextual
040 _aSDCL
_cSDCL
_beng
041 _2eng
_aeng
082 _aO152,3N468x, Q0
100 _aWajahat Asghar
_9393913
245 0 _aMushkil Kaam.
260 _aNew Delhi
_bKitabghar Parkashan
_c2010
300 _a112P.
_ccm.
650 _aHindi
_9391598
942 _hO152,3N468x, Q0
_cTEXL
_2CC
999 _c709484
_d709484